000 00316nam a2200133Ia 4500
008 191201s2006 xx 000 0 und d
100 _aMARKHAM, Calvert
245 4 _aThe Top Consultant
250 _a4th
260 _aN.Delhi
_bKogan Page India
_c2006
300 _a222
650 _aGeneral Books
942 _2ddc
_cBK
999 _c2461
_d2461